00669nam a2200217 a 450000100060000000300080000600500170001400800410003103500190007204000380009104100080012908200250013710000220016224500990018426000470028330000320033050000190036250400260038165000230040765000210043042618BD-RjUL20211209053551.0160614s1954 ctua b 001 0 eng  a(BD-RjUL)42736 aDLCcMHdOCoLCdDLCdBD-RjULbeng aeng a338.54223bROE 19541 aRoose, Kenneth D.14aThe economics of recession and revival :ban interpretation of 1937-38 /cby, Kenneth D. Roose aNew Haven :bYale University Press,c1954. axi, 280 p. :bill ;c25 cm. aIncludes Index aIncludes Bibliography 0aDepressionsy1937. 0aBusiness cycles.